|
|
|
|
| LEADER |
01892cam a2200373 a 4500 |
| 001 |
c000395293 |
| 003 |
CARM |
| 005 |
20131216144149.0 |
| 008 |
131213m19941995fr r 001 0 eng d |
| 019 |
1 |
|
|a 13360023
|5 LACONCORD2021
|
| 035 |
|
|
|a (OCoLC)222010452
|5 LACONCORD2021
|
| 040 |
|
|
|a VVUT
|b eng
|c VVUT
|
| 082 |
0 |
4 |
|a 338.4791072
|2 21
|
| 100 |
1 |
|
|a Baretje, R.
|
| 245 |
1 |
0 |
|a International directory of research on tourism, outdoor recreation and leisure :
|b universities /
|c R. Baretje.
|
| 260 |
|
|
|a Aix-en-Provence, [France] :
|b Centre des Hautes Etudes Touristiques,
|c 1994-<1995>.
|
| 300 |
|
|
|a v. <1-2> ;
|c 30 cm.
|
| 490 |
1 |
|
|a Etudes et mémoires ;
|v v. 243, 258
|
| 500 |
|
|
|a At head of title: Université de Droit, d'Economie et des Sciences, D'Aix-Marseille Faculte Droit et de Science Politique, Faculte D'Economie Appliquee.
|
| 500 |
|
|
|a Includes index.
|
| 650 |
|
0 |
|a Tourist trade
|x Research
|v Directories.
|
| 650 |
|
0 |
|a Outdoor recreation
|x Research
|v Directories.
|
| 650 |
|
0 |
|a Leisure
|x Research
|v Directories.
|
| 710 |
2 |
|
|a Université de droit, d'économie et des sciences d'Aix-Marseille.
|b Centre des hautes études touristiques.
|
| 852 |
8 |
|
|b CARM
|p 0595916
|j v.1
|f BK
|
| 852 |
8 |
|
|b CARM
|p 0595943
|j v.2
|f BK
|
| 852 |
8 |
|
|b SCAN
|h A3:AH20C0
|i F08753
|p 0595943
|f BK
|
| 852 |
8 |
|
|b SCAN
|h A3:AH20C0
|i F08754
|p 0595916
|f BK
|
| 830 |
|
0 |
|a Études et mémoires (Université de droit, d'économie et des sciences d'Aix-Marseille. Centre des hautes études ;
|v v. 243, 258.
|
| 999 |
f |
f |
|i 89e6c34f-390c-546f-a140-a361a6ec1862
|s 61a1b16d-006a-53ab-a25f-1b7df857f650
|
| 952 |
f |
f |
|p Can circulate
|a CAVAL
|b CAVAL
|c CAVAL
|d CARM 1 Store
|i book
|j v.1
|m 0595916
|
| 952 |
f |
f |
|p Can circulate
|a CAVAL
|b CAVAL
|c CAVAL
|d CARM 1 Store
|i book
|j v.2
|m 0595943
|
| 952 |
f |
f |
|a CAVAL
|b CAVAL
|c CAVAL
|d Unmapped Location
|e F08754
|f A3:AH20C0
|h Other scheme
|
| 952 |
f |
f |
|a CAVAL
|b CAVAL
|c CAVAL
|d Unmapped Location
|e F08753
|f A3:AH20C0
|h Other scheme
|